000 00291nam a22001337a 4500
008 171023b xxu||||| |||| 00| 0 eng d
020 _a9780135000953
041 _aeng
080 _28 ED
_a338
100 _a54
101 _aMEN
245 _aQUALITY CONTROL
_cDALE.H.B
942 _2udc
_cBK
999 _c35410
_d35410